Reforma sociálneho poistenia bude mať skutočný význam až pre dnešných tridsiatnikov

Nevyhnutnosť reformy sociálneho poistenia - vyplynulo to aj z verejnej diskusie o tejto reforme. Dva piliere sociálneho poistenia, zabezpečenia. Vzťahy medzi týmito piliermi. Možné zdroje financovania reformy. Súčasných dôchodcov sa reforma nebude dotýkať.

Saved in:
Bibliographic Details
Main Author: Reiselová, Eva
Format: Book Chapter
Language:Slovak
Subjects:
Tags: Add Tag
No Tags, Be the first to tag this record!

MARC

LEADER 00000naa a2200000 4500
001 r037357
005 20230921105431.6
041 0 |a slo 
044 |a SK 
245 1 0 |a Reforma sociálneho poistenia bude mať skutočný význam až pre dnešných tridsiatnikov  |c Eva Reiselová 
520 |a Nevyhnutnosť reformy sociálneho poistenia - vyplynulo to aj z verejnej diskusie o tejto reforme. Dva piliere sociálneho poistenia, zabezpečenia. Vzťahy medzi týmito piliermi. Možné zdroje financovania reformy. Súčasných dôchodcov sa reforma nebude dotýkať. 
610 2 0 |a poistenie sociálne 
610 2 0 |a reformy 
610 2 0 |a poistenie dôchodkové 
610 2 0 |a financovanie 
610 2 0 |a Slovensko 
100 1 |a Reiselová, Eva